• Rosa Davide

di Personal Name

Records bibliografici associati: 1

001 - CONTROL NUMBER

  • control field: 47400

003 - CONTROL NUMBER IDENTIFIER

  • control field: IT-RoPau

005 - DATE AND TIME OF LATEST TRANSACTION

  • control field: 20151201085709.0

008 - FIXED-LENGTH DATA ELEMENTS

  • fixed length control field: 151201|| aca||aabn | a|a d

040 ## - CATALOGING SOURCE

  • Original cataloging agency: IT-RoPau
  • Transcribing agency: IT-RoPau

100 ## - HEADING--PERSONAL NAME

  • Personal name: Rosa Davide
  • Relator term: (musica)
  • Miscellaneous information: Codice Musica SPICS: 39850

670 ## - SOURCE DATA FOUND

  • Source citation: Work cat.: (IT-RoPau)106534: Gargani Romano Codice regista SPICS: 39851 36806, ADORATRICI DEL SANGUE DI CRISTO IN INDIA (LE) ADORATRICI DEL SANGUE DI CRISTO IN INDIA (LE) (Rif. Codice opera principale : B9649)
CREDITS: SOCIETA' SAN PAOLO Via A.Severo, 58 - ROMA (RM) & PERIODICI SAN PAOLO SRL Via Giotto, 36 MILANO & CISF Via Giotto, 36 MILANO & EDIZIONI SAN PAOLO SRL,  Piazza Soncino, 5 CINISELLO BALSAMO (MI) -- ITALY